Semantic Cognition : (Record no. 588255)

MARC details
000 -LEADER
fixed length control field 00453nam a2200181 a 4500
008 - FIXED-LENGTH DATA ELEMENTS--GENERAL INFORMATION
fixed length control field 250919s2006##################000#0#eng##
020 ## - INTERNATIONAL STANDARD BOOK NUMBER
ISBN 9780262681575
082 04 - DEWEY DECIMAL CLASSIFICATION NUMBER
Classification number 153
Item number ROG
100 1# - MAIN ENTRY--AUTHOR NAME
Personal name Rogers, Timothy T.,
245 10 - TITLE STATEMENT
Title Semantic Cognition :
260 ## - PUBLICATION, DISTRIBUTION, ETC. (IMPRINT)
Year of publication 2006.
650 #0 - SUBJECT ADDED ENTRY--TOPICAL TERM
Topical Term Child development.
942 ## - ADDED ENTRY ELEMENTS (KOHA)
Koha item type English Books
Holdings
Withdrawn status Lost status Damaged status Not for loan Home library Current library Shelving location Date acquired Full call number Accession Number Price effective from Koha item type
        Anna Centenary Library Anna Centenary Library 3RD FLOOR, A WING 20.09.2025 153 ROG 463765 20.09.2025 English Books

Find us on the map